000133757 001__ 133757
000133757 005__ 20240424142040.0
000133757 037__ $$aTAZ-TFM-2023-1158
000133757 041__ $$aspa
000133757 1001_ $$aSanz Pueyo, Inmaculada
000133757 24200 $$aANALYSIS OF THE TRAJECTORY OF WOMEN IN POLITICS: PASSIVE AND ACTIVE SUFFRAGE
000133757 24500 $$aANÁLISIS DE LA TRAYECTORIA DE LAS MUJERES EN POLÍTICA: EL SUFRAGIO PASIVO Y ACTIVO
000133757 260__ $$aZaragoza$$bUniversidad de Zaragoza$$c2023
000133757 506__ $$aby-nc-sa$$bCreative Commons$$c3.0$$uhttp://creativecommons.org/licenses/by-nc-sa/3.0/
000133757 520__ $$aLas primeras elecciones con sufragio universal, allá por el lejano 1933 estuvieron llenas de muchas polémicas, pensando que las mujeres no eran capaces de votar por ellas mismas y lo realizaban condicionadas, hacia políticas de derechas .<br />Así, la hipótesis de partida es conocer si la tendencia de voto de las mujeres continúa siendo la misma que entonces o ha ido variando con los años, cómo ha ido evolucionando y si se vota a los mismos partidos.<br />Para ello, se tomaron los años 1979 y 1982 las dos primeras elecciones democráticas y los años 2019 y 2023, las dos últimas para poderlo comprobar.<br />En 1931, las diputadas del congreso solo eran 3, se avanzó en 1979 a 14 y en el año 1985 se creó la Ley Orgánica 5/1985, de 19 de junio, del Régimen Electoral General, se comenzó a observar un incremento hasta la legislatura XIII, la primera de 2019, siendo la más paritaria de la historia con un 47,4% de diputadas.<br />En marzo de 2023, se da un paso más con el anteproyecto de ley orgánica, para garantizar unas listas electorales “cremallera”, las cuales ampliarán la paridad en los partidos.<br />Para poder dar respuesta a esta pregunta se utilizara una metodología de analisis cuantitativo de los datos publicados a través de las encuestas del CIS, INE, Senado y Congreso.<br />Palabras clave; Mujer política, Voto femenio, Elecciones, Feminismo, Partidos Políticos.<br /><br />
000133757 521__ $$aMáster Universitario en Relaciones de Género
000133757 540__ $$aDerechos regulados por licencia Creative Commons
000133757 700__ $$aValero Errazu, Diana$$edir.
000133757 7102_ $$aUniversidad de Zaragoza$$bDerecho de la Empresa$$cDerecho del Trabajo y de la Seguridad Social
000133757 8560_ $$f467525@unizar.es
000133757 8564_ $$s723742$$uhttps://zaguan.unizar.es/record/133757/files/TAZ-TFM-2023-1158.pdf$$yMemoria (spa)
000133757 909CO $$ooai:zaguan.unizar.es:133757$$pdriver$$ptrabajos-fin-master
000133757 950__ $$a
000133757 951__ $$adeposita:2024-04-24
000133757 980__ $$aTAZ$$bTFM$$cSOCIZ
000133757 999__ $$a20230915120509.CREATION_DATE